|
|
|
|
| LEADER |
00913cam a2200229 7i4500 |
| 001 |
0000040411 |
| 005 |
20110905090000.0 |
| 020 |
|
|
|a 140314379X (CD)
|
| 020 |
|
|
|a 1403143609 (CD)
|
| 090 |
0 |
0 |
|a BP605.S2
|b H85 2006
|
| 100 |
1 |
|
|a Hubbard, L. Ron
|
| 245 |
1 |
3 |
|a An introduction to scientology
|c L. Ron Hubbard.
|
| 246 |
3 |
|
|a Memperkenalkan scientology.
|
| 260 |
|
|
|a Los Angeles, Calif.:
|b Golden Era Productions,
|c 2006.
|
| 300 |
|
|
|a 1 DVD-ROM 4 3/4 in.:
|b digital, stereo., Dolby processed.
|
| 501 |
|
|
|a With kit : An introduction to scientology / L. Ron Hubbard
|
| 504 |
|
|
|a Includes index
|
| 650 |
0 |
0 |
|a Scientology
|
| 999 |
|
|
|a DVD0000362
|b DVD-ROM
|c OPEN SHELF
|e Circulation Counter, Bestari Jaya
|
| 999 |
|
|
|a DVD0000363
|b DVD-ROM
|c OPEN SHELF
|e Circulation Counter, Bestari Jaya
|
| 999 |
|
|
|a KIT0000310
|b KIT
|c OPEN SHELF
|e Ground Floor, Bestari Jaya
|
| 999 |
|
|
|a KIT0000311
|b KIT
|c OPEN SHELF
|e Ground Floor, Bestari Jaya
|